LEADER 01108nam a2200301 i 4500 001 991003201589707536 005 20020509113946.0 008 930512s1960 ||| ||| | ger 035 $ab11124611-39ule_inst 035 $aPARLA177132$9ExL 040 $aDip.to Filol. Class. e Med.$bita 082 0 $a881 100 1 $aKörte, Alfred$0391996 245 14$aDie hellenistische Dichtung /$cvon Alfred Körte ; Zweite, vollständig neubearbeitete Auflage von Paul Händel 260 $aStuttgart :$bKröner,$c[c1960] 300 $aXI, 363 p. ;$c18 cm. 490 0 $aKröners Taschenausgabe ;$v47 600 04$aApollonio :$cRodio$xStudio critico 600 04$aBione Smirneo 600 04$aCallimaco 650 4$aStudi letterari 700 1 $aHändel, Paul 907 $a.b11124611$b23-02-17$c28-06-02 912 $a991003201589707536 945 $aLE007 C Litt 4250 Sala cons.$g1$i2007000007266$lle007$nSala consultazione$o-$pE0.00$q-$rl$s- $t0$u0$v0$w0$x0$y.i11262710$z28-06-02 996 $aHellenistische Dichtung$9557397 997 $aUNISALENTO 998 $ale007$b01-01-93$cm$da $e-$feng$gxx $h4$i1 LEADER 03638oam 2200721 c 450 001 9910959743903321 005 20260302090207.0 010 $a9783838269900 010 $a383826990X 024 3 $a9783838269900 035 $a(CKB)4340000000252632 035 $a(MiAaPQ)EBC5782821 035 $a(Perlego)773131 035 $a(ibidem)9783838269900 035 $a(EXLCZ)994340000000252632 100 $a20260302d2017 uy 0 101 0 $aeng 135 $aurcnu|||||||| 181 $ctxt$2rdacontent 182 $cc$2rdamedia 183 $acr$2rdacarrier 200 00$aReligion and Magic in Socialist and Post-Socialist Contexts II $eBaltic, Eastern European, and Post-USSR Case Studies /$fAlexandra Cotofana, James Nyce, Andreas Umland, Anita Stasulane, James M. Nyce, Alexandra Co?ofan?, Larisa Jasarevic, Zlatina Bogdanova, Sibelan Forrester, Gabriel Girigan, Reet Hiiemäe, Danijela Jerotijevi?, Iveta Leitane, René Provis, Ioana Repciuc, Jessica Pollock 205 $a1st ed. 210 $aHannover$cibidem$d2017 215 $a1 online resource (323 pages) 225 0 $aSoviet and Post-Soviet Politics and Society$v173 311 08$a9783838209906 311 08$a3838209907 320 $aIncludes bibliographical references. 330 $aReligion and magic have often played important roles in Baltic, Eastern European, and post- USSR societies like those in Russia, Romania, Serbia, Latvia, Kyrgyzstan, and Estonia. Taken together, the studies presented in this collection suggest that the idea that religion and magic are connected to each other in some consistent, universal way may be nothing more than a reminiscence from nineteenth century anthropology. Further, these studies challenge another part of anthropology?s historical legacy: the idea that magic is something that modernity and modernization will transcend. Rather, these studies suggest instead that magic is a form of work that brings modernity into being and helps render it intelligible to those who find themselves engaged in its creation. This volume brings together historical (pre- and post-1989), ethnographic, and areal studies which look at the divergent roles of state, culture, society, tradition, and the individual in enactments of magic and religion. Assessing the role magic and religion have played in the countries of Eastern Europe and beyond before and after the Cold War, it is an absorbing read for scholars of anthropology and history as well as ethnology. 410 0$aSoviet and post-Soviet politics and society ;$v173. 606 $aReligion 606 $amagic 606 $aSocialism 606 $aPostsocialism 615 4$aReligion 615 4$amagic 615 4$aSocialism 615 4$aPostsocialism 676 $a200.91717 702 $aCotofana$b Alexandra$4edt 702 $aNyce$b James$4edt 702 $aUmland$b Andreas$cDr.$4edt 702 $aStasulane$b Anita$4aui 702 $aNyce$b James M$4ctb 702 $aCo?ofan?$b Alexandra$4ctb 702 $aJasarevic$b Larisa$4ctb 702 $aBogdanova$b Zlatina$4ctb 702 $aForrester$b Sibelan$4ctb 702 $aGirigan$b Gabriel$4ctb 702 $aHiiemäe$b Reet$4ctb 702 $aJerotijevi?$b Danijela$4ctb 702 $aLeitane$b Iveta$4ctb 702 $aProvis$b René$4ctb 702 $aRepciuc$b Ioana$4ctb 702 $aPollock$b Jessica$4ctb 801 0$bMiAaPQ 801 1$bMiAaPQ 801 2$bMiAaPQ 906 $aBOOK 912 $a9910959743903321 996 $aReligion and Magic in Socialist and Post-Socialist Contexts II$94414050 997 $aUNINA